INTERNATIONAL LAW AND HUMAN RIGHTS (Record no. 29270)
[ view plain ]
| 000 -LEADER | |
|---|---|
| fixed length control field | 00215nam a2200085Ia 4500 |
| 008 - FIXED-LENGTH DATA ELEMENTS--GENERAL INFORMATION | |
| fixed length control field | 170620s9999 xx 000 0 und d |
| 100 ## - MAIN ENTRY--PERSONAL NAME | |
| Personal name | Dr KAPOOR- S K |
| 245 #0 - TITLE STATEMENT | |
| Title | INTERNATIONAL LAW AND HUMAN RIGHTS |
| 260 ## - PUBLICATION, DISTRIBUTION, ETC. | |
| Name of publisher, distributor, etc. | ALLAHABAD; C L P |
| 260 ## - PUBLICATION, DISTRIBUTION, ETC. | |
| Date of publication, distribution, etc. | 2007 |
| Withdrawn status | Lost status | Source of classification or shelving scheme | Damaged status | Not for loan | Home library | Current library | Date acquired | Source of acquisition | Total Checkouts | Total Renewals | Barcode | Date last seen | Date last checked out | Price effective from | Koha item type |
|---|---|---|---|---|---|---|---|---|---|---|---|---|---|---|---|
| IIMT University College of Law | IIMT University College of Law | 04/15/2008 | 94 | 2 | 1 | 04-B-2546 | 05/29/2018 | 03/06/2018 | 06/29/2017 | Text-Book- for 7 days | |||||
| IIMT University College of Law | IIMT University College of Law | 04/15/2008 | 94 | 4 | 5 | 04-B-2547 | 10/15/2019 | 05/10/2018 | 06/29/2017 | Text-Book- for 7 days | |||||
| IIMT University College of Law | IIMT University College of Law | 04/15/2008 | 94 | 11 | 10 | 04-B-2548 | 05/10/2018 | 05/10/2018 | 06/29/2017 | Text-Book- for 7 days | |||||
| IIMT University College of Law | IIMT University College of Law | 04/15/2008 | 94 | 04-B-2549 | 06/29/2017 | 06/29/2017 | Text-Book- for 7 days | ||||||||
| IIMT University College of Law | IIMT University College of Law | 04/15/2008 | 94 | 3 | 6 | 04-B-2550 | 04/05/2018 | 03/13/2018 | 06/29/2017 | Text-Book- for 7 days |

